Normal view
MARC view
- SUPERVISOR Dr. MUJEEB BIN IHSAN
Entry Personal Name
001 - CONTROL NUMBER
- control field: 71766
003 - CONTROL NUMBER IDENTIFIER
- control field: NUST
005 - DATE AND TIME OF LATEST TRANSACTION
- control field: 20210628204658.0
008 - FIXED-LENGTH DATA ELEMENTS
- fixed length control field: 210628|| aca||aabn | a|a d
040 ## - CATALOGING SOURCE
- Original cataloging agency: NUST
- Transcribing agency: NUST
100 ## - HEADING--PERSONAL NAME
- Personal name: SUPERVISOR Dr. MUJEEB BIN IHSAN
670 ## - SOURCE DATA FOUND
- Source citation: Work cat.: (NUST): ZUNAIRA,DR MOJEEB BIN IHSAN, SIDRAH, ZUBAIR,ANIS 71764, PR-SOF-1204-THROUGH -THE-WALL MOTION DETECTION USING UWB RADAR SETUP, 2012
